| 000 | 00762nam a2200217Ia 4500 | ||
|---|---|---|---|
| 005 | 20241216010258.0 | ||
| 008 | 180423s9999||||xx |||||||||||||| ||und|| | ||
| 082 |
_a371.39442 _bG15 |
||
| 100 | _aGAGNE, ROBERT M. | ||
| 245 | 0 | _aLAS CONDICIONES DEL APRENDIZAJE | |
| 250 | _a4 | ||
| 260 |
_aMEXICO _bINTERAMERICANA _c1987 |
||
| 300 |
_a360 pag. _c25 cm |
||
| 341 | _h35.04 | ||
| 490 |
_v0 _a0 |
||
| 505 | _aAPRENDIZAJE POR ASOCIACION/LOQUE SE APRENDE/PROCESOS DE PARENDIZAJE/HABILIDADES INTELCTUALES/ESTRATEGIAS COGNITIVAS/APRENDIZAJE DE INFORMACION VERBAL/SOLUCION DE PROBLEMAS/HABILIDADES MOTORAS/ACTITUDES/TEORIA DE LA ENSEÑ | ||
| 541 |
_aC _bLIBRERIA UNDAC _d19-Jan-95 _odólar |
||
| 650 | _aCIENCIAS SOCIALES | ||
| 856 | _zHumanidades | ||
| 942 | _cLIBRO | ||
| 999 |
_c10242 _d10242 |
||